1457 1007 1067 1913 1664 1388 1967 1757 1606 1494 1771 1338 1217 1548 1409 1418 1827 1589 1187 1560 1426 1895 1211 1477 1520 1689 1093 1669 1494 1639 1534 1768 1484 1255 1860 1523 1763 1679 1068 1791 1127 1880 1507 1531 1765 1904 1227 1660 1028 1382 1731 1174 1322 1467 1010 1979 1737 1358 1407 1244 1059 1471 1819 1998 1047 1736 1285 1272 1764 1998 1997 1912 1836 1977 1159 1415 1368 1506 1017 1033 1884 1844 1679 1776 1855 1217 1750 1585 1399 1828 1783 1778 1128 1336 1788 1210 1139 1840 1169 BCNSPRNW ULIB Ver.6.0+V

เปลี่ยนเป็นภาษาไทย

Change to English
 แสดงรายละเอียดบรรณานุกรม
  กลับหน้าหลัก

Brief Record : Get Marc (ISO 2709) : E-mail record : QR code < ปิดหน้าต่าง
LEADER : 00000nam 2200000uu 4500
001    13399122492
003     ULIB
008    970409s2537 th m 000 0 tha d
020    ^a9745878642
099    ^aวพ.W84.6ส748ป
100 0  ^aสุจิตรา สิกขะมณฑล
245 10 ^aประสิทธิผลของงานสาธารณสุขมูลฐานของหมู่บ้านที่มีศูนย์สาธารณสุขมูลฐานชุมชน ในจังหวัดลำปาง ปี พ.ศ. 2536 =^bEffectiveness of primary health care program of villages with the Community Primary Health Care Center in Lampang province, B.E. 2536 /^cสุจิตรา สิกขะมณฑล
246 31 ^aEffectiveness of primary health care program of villages with the Community Primary Health Care Center in Lampang province, B.E. 2536
260    ^a^c2537
300    ^aก-ซ, 189 แผ่น ;^c30 ซม.
500    ^aSend to Single Search
502    ^aวิทยานิพนธ์ (วท.ม. (สาธารณสุขศาสตร์))--มหาวิทยาลัยมหิดล, 2537
610 24 ^aมหาวิทยาลัยมหิดล^xวิทยานิพนธ์
610 24 ^aมหาวิทยาลัยมหิดล. ^bคณะสาธารณสุขศาสตร์^xวิทยานิพนธ์
650  4 ^aศูนย์สาธารณสุขมูลฐานชุมชน^xองค์การและการบริหาร
650  4 ^aสาธารณสุขมูลฐาน^zลำปาง
650  4 ^aสาธารณสุขมูลฐาน
650  4 ^aสาธารณสุข, การบริหาร
691    ^aวท.ม. (2537)
692    ^aพยาบาลสาธารณสุข (มหาวิทยาลัยมหิดล 2537)
710 2  ^aมหาวิทยาลัยมหิดล
710 2  ^aมหาวิทยาลัยมหิดล. ^bคณะสาธารณสุขศาสตร์
710 22 ^aมหาวิทยาลัยมหิดล.^tวิทยานิพนธ์
710 22 ^aMahidol University.^tThesis
945    ^p0^l0^i023434
999    ^aกมลทิพย์ ธนสารสุธี
รายการนี้ยังไม่มีแท็ก
คุณยังไม่ได้ล็อกอิน คุณสามารถมีกิจกรรมร่วมกับเว็บไซต์ได้ แต่ต้องล็อกอินก่อน ::
  ล็อกอิน

รายการสื่อสารสนเทศ

ลำดับที่ ประเภท เลขเรียก/บาร์โค้ด สถานที่ สถานะ
1. วิทยานิพนธ์
วิทยานิพนธ์
วพ.W84.6ส748ป  
  Barcode: 023434
ห้องสมุดวิทยาเขตสวรรค์ประชารักษ์
► วิทยานิพนธ์
บนชั้น

รายการใกล้เคียง
    หัวเรื่อง [สาธารณสุขมูลฐาน]
    หัวเรื่อง [สาธารณสุข, การบริหาร]

BibComment


ยังไม่เคยถูกคอมเมนท์

คอมเมนท์ทรัพยากรรายการนี้
  คอมเมนท์: ประสิทธิผลของงาน..


 Copyright 2026. Bcnsprnw @Library